000 00427nam a2200181Ia 4500
001 13678
005 20260306164818.0
008 260306t1994||||xx |||||||||||||| ||spa||
041 _aESP
082 _a005.13
_bB17
100 _aBal, Henri E.
_eAUT
245 0 _aProgramming language essentials
260 _c1994
300 _axv, 271 páginas :
_c23 cm.
650 _aGEN
654 _aCCC
942 _cLIB
_dJUS
_fJUS
_2ddc
_n
999 _c13678
_d13678